廃駅名を冠する停車場線 - Statistics

General Stats
  • This quiz has been taken 8 times
    4 since last reset
  • The average score is 37 of 162
Answer Stats
都道府県 路線番号 Answer 所属路線 % Correct
北海道道 21号 留萌停車場線 留萌本線
100%
北海道道 393号 遠別停車場線 羽幌線
67%
北海道道 992号 静内停車場線 日高本線
67%
北海道道 208号 日宇厚賀停車場線 日高本線
33%
北海道道 209号 滑若新冠停車場線 日高本線
33%
北海道道 215号 江差停車場線 江差線
33%
北海道道 233号 新富様似停車場線 日高本線
33%
北海道道 234号 美河三石停車場線 日高本線
33%
北海道道 269号 蕨岱国富停車場線 岩内線
33%
北海道道 272号 寿都停車場線 寿都鉄道線
33%
北海道道 289号 富川停車場線 日高本線
33%
北海道道 302号 雄信内停車場線 宗谷本線
33%
北海道道 321号 中札内停車場線 広尾線
33%
北海道道 330号 下川停車場線 名寄本線
33%
北海道道 335号 訓子府停車場線 ちほく高原鉄道ふるさと銀河線
33%
北海道道 345号 矢淵東瀬棚停車場線 瀬棚線
33%
北海道道 348号 野深荻伏停車場線 日高本線
33%
北海道道 351号 正和門別停車場線 日高本線
33%
北海道道 354号 ペンケ下川停車場線 名寄本線
33%
北海道道 361号 尺別停車場線 根室本線
33%
北海道道 362号 西春別春別停車場線 標津線
33%
北海道道 363号 尾岱沼港春別線 標津線
33%
北海道道 364号 本別海別海停車場線 標津線
33%
北海道道 370号 幌加内停車場線 深名線
33%
北海道道 376号 石狩月形停車場線 札沼線
33%
北海道道 380号 松前停車場線 松前線
33%
北海道道 384号 荻伏停車場線 日高本線
33%
北海道道 398号 北見枝幸停車場線 興浜北線
33%
北海道道 399号 中頓別停車場線 天北線
33%
北海道道 400号 小頓別停車場線 天北線
33%
北海道道 404号 上湧別停車場線 名寄本線
33%
北海道道 414号 広尾停車場線 広尾線
33%
北海道道 415号 音更停車場線 士幌線
33%
北海道道 416号 鹿追停車場線 北海道拓殖鉄道線
33%
北海道道 417号 士幌停車場線 士幌線
33%
北海道道 418号 上士幌停車場線 士幌線
33%
北海道道 423号 西春別停車場線 標津線
33%
北海道道 429号 多度志停車場線 深名線
33%
北海道道 432号 暑寒別雨竜停車場線 札沼線
33%
北海道道 437号 羽幌原野古丹別停車場線 羽幌線
33%
北海道道 443号 鬼志別停車場線 天北線
33%
北海道道 445号 紋穂内停車場線 宗谷本線
33%
北海道道 447号 西大里瀬棚停車場線 瀬棚線
33%
北海道道 448号 千代田初山別停車場線 羽幌線
33%
北海道道 465号 金山幾寅停車場線 根室本線
33%
北海道道 470号 更別停車場線 広尾線
33%
北海道道 472号 更南更別停車場線 広尾線
33%
北海道道 481号 上向別浦河停車場線 日高本線
33%
北海道道 496号 下居辺高島停車場線 ちほく高原鉄道ふるさと銀河線
33%
北海道道 498号 長流枝内木野停車場線 士幌線
33%
北海道道 499号 勇足本別停車場線 ちほく高原鉄道ふるさと銀河線
33%
北海道道 501号 旭浜大樹停車場線 広尾線
33%
北海道道 502号 斗満陸別停車場線 ちほく高原鉄道ふるさと銀河線
33%
北海道道 505号 養老牛計根別停車場線 標津線
33%
北海道道 526号 東札幌停車場線 千歳線
33%
北海道道 528号 蕗の台朱鞠内停車場線 深名線
33%
北海道道 531号 小谷石渡島知内停車場線 松前線
33%
北海道道 534号 富沢日高三石停車場線 日高本線
33%
北海道道 544号 麓郷山部停車場線 根室本線
33%
北海道道 550号 幌糠小平停車場線 羽幌線
33%
北海道道 551号 円山天塩停車場線 羽幌線
33%
北海道道 582号 苫前停車場線 羽幌線
33%
北海道道 584号 猿払停車場線 天北線
33%
北海道道 585号 狩別猿払停車場線 天北線
33%
北海道道 591号 嘉多山卯原内停車場線 湧網線
33%
北海道道 595号 愛国停車場線 広尾線
33%
北海道道 596号 中士幌停車場線 士幌線
33%
北海道道 603号 浦臼停車場線 札沼線
33%
北海道道 612号 築別天塩有明停車場線 羽幌線
33%
北海道道 613号 豊平峠下停車場線 留萌本線
33%
北海道道 617号 オシラネップ原野濁川停車場線 渚滑線
33%
北海道道 620号 苫務小利別停車場線 ちほく高原鉄道ふるさと銀河線
33%
北海道道 621号 足寄原野上利別停車場線 ちほく高原鉄道ふるさと銀河線
33%
北海道道 622号 幸徳大樹停車場線 広尾線
33%
北海道道 625号 学園新十津川停車場線 札沼線
33%
北海道道 636号 渡島吉岡停車場線 松前線
33%
北海道道 637号 西川東静内停車場線 日高本線
33%
北海道道 638号 宿志別振内停車場線 富内線
33%
北海道道 656号 湧別停車場サロマ湖線 名寄本線
33%
北海道道 657号 美成忠類停車場線 広尾線
33%
北海道道 658号 本別本別停車場線 ちほく高原鉄道ふるさと銀河線
33%
北海道道 659号 勇足停車場線 ちほく高原鉄道ふるさと銀河線
33%
北海道道 663号 植坂足寄停車場線 ちほく高原鉄道ふるさと銀河線
33%
北海道道 664号 モアショロ原野螺湾足寄停車場線 ちほく高原鉄道ふるさと銀河線
33%
北海道道 665号 上茶路上茶路停車場線 白糠線
33%
北海道道 667号 徹別原野雄別停車場線 雄別鉄道雄別本線
33%
北海道道 669号 中標津停車場線 標津線
33%
北海道道 686号 鈴岡今金停車場線 瀬棚線
33%
北海道道 693号 鷹泊鷹泊停車場線 深名線
33%
北海道道 696号 喜茂別停車場線 胆振線
33%
北海道道 698号 湯の里渡島知内停車場線 松前線
33%
北海道道 706号 南陽山部停車場線 根室本線
33%
北海道道 708号 有明天塩有明停車場線 羽幌線
33%
北海道道 712号 緑陰中湧別停車場線 名寄本線
33%
北海道道 713号 中渚滑紋別停車場線 名寄本線
33%
北海道道 747号 上羽幌羽幌停車場線 羽幌線
33%
北海道道 766号 和訓辺渚滑停車場線 渚滑線
33%
北海道道 768号 相生津別停車場線 相生線
33%
北海道道 770号 美里別本別停車場線 ちほく高原鉄道ふるさと銀河線
33%
北海道道 773号 萠和大樹停車場線 広尾線
33%
北海道道 775号 上武佐計根別停車場線 標津線
33%
北海道道 776号 北滝の川東滝川停車場線 根室本線
33%
北海道道 783号 東大里瀬棚停車場線 瀬棚線
33%
北海道道 821号 京極停車場線 胆振線
33%
北海道道 962号 愛国停車場古舞線 広尾線
33%
北海道道 1117号 落合停車場線 根室本線
33%
北海道道 356号 築別炭砿築別停車場線 羽幌線
0%
北海道道 419号 大正停車場線 広尾線
0%
北海道道 430号 南幌向停車場線 夕張鉄道線
0%
北海道道 451号 北長沼停車場線 夕張鉄道線
0%
北海道道 491号 芭露停車場線 湧網線
0%
北海道道 492号 沙留停車場線 名寄本線
0%
北海道道 495号 上常呂停車場線 ちほく高原鉄道ふるさと銀河線
0%
北海道道 532号 岩部渡島福島停車場線 松前線
0%
北海道道 553号 上藻別上渚滑停車場線 渚滑線
0%
北海道道 565号 和停車場線 札沼線
0%
北海道道 586号 豊牛下頓別停車場線 天北線
0%
北海道道 643号 鬼鹿停車場線 羽幌線
0%
北海道道 646号 曲淵停車場線 天北線
0%
北海道道 647号 兵安上頓別停車場線 天北線
0%
北海道道 677号 小倉山丹羽停車場線 瀬棚線
0%
北海道道 737号 標津停車場線 標津線
0%
北海道道 749号 鳩山継立停車場線 夕張鉄道線
0%
北海道道 750号 真谷地沼の沢停車場線 夕張線
0%
青森県道 273号 田名部停車場線 下北交通大畑線
0%
青森県道 274号 陸奥関根停車場線 下北交通大畑線
0%
青森県道 275号 川代停車場線 下北交通大畑線
0%
青森県道 277号 正津川停車場線 下北交通大畑線
0%
青森県道 278号 大畑停車場線 下北交通大畑線
0%
岩手県道 204号 大志田停車場線 山田線
0%
岩手県道 221号 岩泉停車場線 岩泉線
0%
宮城県道 211号 上鹿折停車場線 大船渡線
0%
宮城県道 215号 栗駒停車場線 くりはら田園鉄道線
0%
茨城県道 344号 真鍋停車場線 筑波鉄道筑波線
0%
石川県道 160号 尾小屋尾小屋停車場線 尾小屋鉄道線
0%
長野県道 347号 村山綿内停車場線 長野電鉄屋代線
0%
長野県道 354号 馬曲木島停車場線 長野電鉄河東線
0%
長野県道 377号 牛島綿内停車場線 長野電鉄屋代線
0%
長野県道 378号 小出綿内停車場線 長野電鉄屋代線
0%
長野県道 382号 中村金井山停車場線 長野電鉄屋代線
0%
長野県道 388号 六鹿松代停車場線 長野電鉄屋代線
0%
岐阜県道 484号 打保神岡停車場線 神岡鉄道神岡線
0%
三重県道 556号 大泉東停車場北大社線 三岐鉄道北勢線
0%
滋賀県道 283号 中之郷停車場線 柳ヶ瀬線
0%
兵庫県道 186号 花屋敷停車場線 京阪神急行電鉄宝塚本線
0%
兵庫県道 187号 雲雀丘停車場線 京阪神急行電鉄宝塚本線
0%
兵庫県道 360号 正法寺三木停車場線 三木鉄道三木線
0%
島根県道 221号 川平停車場線 三江線
0%
島根県道 222号 川本停車場線 三江線
0%
島根県道 298号 跡市川平停車場線 三江線
0%
愛媛県道 194号 久谷森松停車場線 伊予鉄道森松線
0%
高知県道 227号 山北岸本停車場線 土佐電気鉄道安芸線
0%
佐賀県道 266号 江上光法停車場線 佐賀線
0%
佐賀県道 285号 大詫間光法停車場線 佐賀線
0%
長崎県道 130号 加津佐停車場山口線 島原鉄道線
0%
熊本県道 178号 小国停車場線 宮原線
0%
大分県道 534号 真坂停車場線 大分交通耶馬渓線
0%
大分県道 680号 田野宝泉寺停車場線 宮原線
0%
鹿児島県道 294号 湯之浦伊作停車場線 鹿児島交通枕崎線
0%
鹿児島県道 392号 薩摩山崎停車場線 宮之城線
0%
鹿児島県道 393号 原口薩摩山崎停車場線 宮之城線
0%
鹿児島県道 521号 宮ヶ原岩川停車場線 志布志線
0%
No matching quizzes found
Score Distribution
Percent of People with Each Score
Percentile by Number Answered
Your Score History
You have not taken this quiz since the last reset